000 01150nas a2200337 4500
001 BR2021000415
003 BR-BrBNA
005 20231205132154.0
007 ta
008 230509b bl.|||p| |||| 00| 00por d
040 _aBR-BrBNA
_bpor
_cBiblioteca Nacional de Agricultura
041 _a(Pt)
072 _aP32; P33
100 1 _aSpera, S.T.
100 1 _aMagalhães, C.A. de S.
100 1 _aBaldoni, A.B.
100 1 _aCalderano, S.B.
245 1 _aCaracterização pedológica de locais de estudo de populações naturais de castanheira-do-Brasil no estado de Mato Grosso
650 _aSOLO FLORESTAL
650 _aPERFIL DO SOLO
650 _aQUÍMICA DO SOLO
650 _aMINERALOGIA
650 _aPEDOLOGIA
650 _aCASTANHA DO PARÁ
650 _aBERTHOLLETIA EXCELSA
773 0 _tNativa. Pesquisas Agrárias e Ambientais (Brazil)
_xISSN 2318-7670
_g(Mar-Apr 2019), v. 7(2) p. 145-161
_wBR2021000415
856 4 0 _uhttps://periodicoscientificos.ufmt.br/ojs/index.php/nativa/article/view/6502/5393
856 4 0 _dLink DSPACE/MAPA BR2021000415
909 _a202311
_bLúcia
_c55
_dLúcia Elande
942 _2AGRIS
_n0
_cANA
999 _c258888
_d258888